000 01136nam2a2200277 4500
001 RU\NLR\BIBL_A\011653152
005 20181009100928.0
010 _a978-5-389-14111-7
_912000
021 _aRU
_bАЛ-П-18-00055и
_9АЛ-П-18-0011
035 _a(NLR Aleph) 011653152
035 _a(RuMoRGB)009528589
090 _a11139537
_c11139537
100 _a20180306d2018 d y0rusy50 ca
101 1 _arus
_cjpn
102 _aRU
105 _aa|||t|||000ay
200 1 _aОдним ударом & секрет силы
210 _d2018
215 _a373, [27] с.
_cил.
327 1 _aСодерж.: Кн. 1: Одним ударом; Кн. 2: Секрет силы
461 0 _1001RU\NLR\BIBL_A\011689120
_12001#$aOne-Punch Man$e[манга]$fOne$g[перевод с японского Кристины Огневой]$gхудожник Юскэ Мурата$v01
_911328634
_cСанкт-Петербург [и др.]
_d2018
_fOne
_nАзбука [и др.]
_o[манга]
_tOne-Punch Man
_v01
942 _cBOOK
980 _aNB